Текст томруулах:    
Managing school library media programs (Бичлэгийн дугаар. 146141)
000 -УДИРДЛАГА
Удирдлага 00943nam a22003017a 4500
003 - ХЯНАЛТЫН ТОО ТОДОРХОЙЛОГЧ
Код MN-UlNUM
005 - БИЧИЛТ ХИЙСЭН ОГНОО
Тухайн бичилтийг бичсэн засварласан сүүлийн огноо 20260109101222.0
008 - ЕРӨНХИЙ МЭДЭЭЛЭЛ
Ерөнхий мэдээлэл 260109s1988 couab||| |||| 001 0 eng |
020 ## - ISBN
ISBN 0872875903
040 ## - БИЧЛЭГ ҮҮСГЭГЧ БАЙГУУЛЛАГА
Бичлэг үүсгэгч номын сангийн код МУИС-ийн номын сан
084 ## - ББК АНГИЛАЛ
Нэмэлт тусгалт Бусад
ББК ангилал 76.10
Зохиогчийн гурван тэмдэгт W 83
Мэдлэгийн ялгаа 76 - Нийтийн мэдээллийн хэрэгсэл
100 1# - ЗОХИОГЧ
Зохиогчийн нэр Woolls, Blanche.
245 10 - ҮНДСЭН ГАРЧИГ
Номын нэр Managing school library media programs
Оролцогчдын тухай мэдээ Blanche Woolls.
260 ## - ГАРАЛТЫН МЭДЭЭ
Хэвлэгдсэн газар Englewood, Colo. :
Хэвлэлийн газар Libraries Unlimited,
Хэвлэгдсэн он 1988.
300 ## - МАТЕРИАЛЫН ТОДОРХОЙЛОЛТ
хуудасны тоо xii, 181 p. :
Бусад тоон мэдээлэл ill. ;
Хэмжээ 28 cm.
500 ## - Тайлбар
Дансны дугаар БС 4905
546 ## - ХЭЛНИЙ ТУХАЙ МЭДЭЭ
Хэл Англи хэл дээр,
653 ## - Түлхүүр үг
Түлхүүр үг school libraries
653 ## - Түлхүүр үг
Түлхүүр үг media programs (Education)
653 ## - Түлхүүр үг
Түлхүүр үг administration
740 ## - НОМЫН ГАРЧИГ
Гарчиг School Library Media Centers: Past and Present
740 ## - НОМЫН ГАРЧИГ
Гарчиг Becoming a School Library Media Specialist
740 ## - НОМЫН ГАРЧИГ
Гарчиг Choosing and Beginning the Job
740 ## - НОМЫН ГАРЧИГ
Гарчиг On the Job: Managing Program and Facility
942 ## - ЭЛЕМЕНТИЙН ТӨРӨЛ
Зүйлийн төрөл Ном